000
00246nam a22001097a 4500
082
_a
891.4391 MAN'S
100
_a
MEHMOOD-UL-HASAN
_9
73706
245
_a
SARODA JAWADAN
260
_a
RAWALPINDI
_b
NIRANG KHIAL
_c
1985
300
_a
192P
942
_c
BK
999
_c
579362
_d
579362